Diccionario enciclopédico Santillana : (Registro nro. 227)

Detalles MARC
000 -Cabecera
Campo de control interno 01240nam a2200241Ia 4500
005 - Fecha y hora del registro
control field 20251203123020.0
008 - Elementos de Longitud Fija
fixed length control field 251203t2000||||xx |||||||||||||| ||spa||
020 ## - ISBN
ISBN 997200362X
041 ## - Idioma
Codigo Idioma ESP
082 ## - DEWEY y NOTACIÓN INTERNA
Dewey RDE 036
Notación Interna S25
110 ## - AUTOR INSTTITUCIONAL
Autor Institucional Santillana
245 #0 - TÍTULO DE MATERIAL BIBLIOGRÁFICO
Título Diccionario enciclopédico Santillana :
Título paralelo Tomo 1-16
250 ## - EDICIÓN
Edición Primera edición, segunda reimpresión
260 ## - CIUDAD, EDITORIAL, AÑO
Ciudad Madrid :
Nombre de la Editorial Santillana,
Año 2000
300 ## - DESCRIPCIÓN
N° Páginas xvi, 200 páginas :
Otros detalles ilustraciones, fotografías ;
Dimensiones 28 cm.
Material Adicional
440 ## - MENCIÓN DE SERIE
Título de la Serie
Número de Serie
Volumen de Serie
505 ## - TABLA DE CONTENIDO
Tabla de Contenido Contiene: Tomo 1: A/ Asturias. – Tomo 2: Astutamente/ Carmelitano. – Tomo 3: Carmelo/ Cuatrocientos. – Tomo 4: Cuauhtémoc/ Edición. – Tomo 5: Edicto/ Familia. – Tomo 6: Familiar/ Harlem. – Tomo 7: Harlow, Jean/ Jónico. - Tomo 8: Jónico, Mar/ Marruecos. – Tomo 9: Marruecos, Guerra de/ Nómina. – Tomo 10: Nominación/ Perro. – Tomo 11: Perro/ Rastrear. – Tomo 12: Rastrelli, Bartolomeo Francesco/ Sarpullir. – Tomo 13: Sarraceno/ Teodorico. – Tomo 14: Teodorico/ Venturoso. – Tomo 15: Vénula/ Zworykin / ATLAS. – Tomo 16: Apéndice.
650 ## - TEMAS
Temas Generalidades
653 ## - DESCRIPTORES
Lenguajes no controlado Obras enciclopédicas en Español; Diccionario
654 ## - PROGRAMAS
Programa Todos los programas
942 ## - ELEMENTOS DE KOHA
Tipo de documento Diccionario
Nombre del creador Justo Noguera
Código de catalogador Margarita Torres
Esquema de clasificación Dewey Decimal Classification
Suppress in OPAC
Existencias
Codigo completo Registro Colección Copia número Disponibilidad Tipo de préstamo Biblioteca Actual Procedencia (Biblioteca) Ubicacón Fecha Ingreso Tipo de Adquisición Date last seen Total checkouts Price effective from Tipo de Item Estado del Material Fuente de Clasificación Damaged status Withdrawn status
RDE 036 S25 1085098 Colección Vera Bejar 1   Restringido Víctor Andrés Belaunde Víctor Andrés Belaunde Planta baja cerrada 03/12/2025 Donación 03/12/2025   03/12/2025 Diccionario Bueno Dewey Decimal Classification   Withdrawn